000 00893nas a2200289 4500
001 BR9803040
003 BR-BrBNA
005 20231205100809.0
007 ta
008 230509b bl.|||p| |||| 00| 00por d
040 _aBR-BrBNA
_bpor
_cBiblioteca Nacional de Agricultura
041 _a(Pt)
072 _aQ80
100 1 _aOrtiz, S.A.
100 1 _aLeitao, M.F. de F.
100 1 _aGarcia, A.E.
100 1 _aAlves, R.M.V.
100 1 _aFerrari, S.L.C.
245 1 _aAvaliacao do fechamento de embalagens de vidro para alimentos termoprocessados por meio do bioteste
650 _aEmbalagem
650 _aVidro
650 _aAnalise Qualitativa
650 _aAlimento
773 0 _tColetanea do Instituto de Tecnologia de Alimentos (Brazil)
_xISSN 0100-350X
_g(Jan-Jul 1992), v. 22(1) p. 37-47
_wBR9803040
909 _a202311
_bLúcia
_c55
_dLúcia Elande
942 _2AGRIS
_n0
_cANA
999 _c158133
_d158133